000 00910cam a2200325 i 4500
001 62385
005 20150612111043.0
008 780930s1976 ne a b 001 0 eng
010 _a 77480419
015 _aNe***
035 _a(OCoLC)2295439
035 _a(OCoLC)ocm02295439
035 _a(CStRLIN)NYCG8142610-B
035 _a(NNC)62385
043 _aa-is---
050 0 _aDS109
_b.T55
082 _a956.94/4
090 _aDS109
_b.T55
100 1 _aThubron, Colin,
_d1939-
245 1 0 _aJerusalem /
_cby Colin Thubron and the editors of Time-Life Books ; photos. by Jay Maisel.
260 _aAmsterdam :
_bTime-Life Books,
_cc1976.
300 _a200 p. :
_bill. ;
_c31 cm.
490 1 _aThe Great cities
500 _aIncludes index.
504 _aBibliography: p. 198.
651 0 _aJerusalem
_xDescription and travel.
830 0 _aGreat cities.
942 _2udc
_cBK
999 _c1045
_d1045